Library Banner

African American Islam/ (Record no. 100666)

MARC details
000 -LEADER
fixed length control field 00421nam a22001577a 4500
005 - DATE AND TIME OF LATEST TRANSACTION
control field 20171211132623.0
008 - FIXED-LENGTH DATA ELEMENTS--GENERAL INFORMATION
fixed length control field 171211b xxu||||| |||| 00| 0 eng d
020 ## - INTERNATIONAL STANDARD BOOK NUMBER
International Standard Book Number 0415907861
040 ## - CATALOGING SOURCE
Transcribing agency PK-LaUMT
082 ## - DEWEY DECIMAL CLASSIFICATION NUMBER
Classification number PKAC 297.08996073
Item number AMI-A
100 ## - MAIN ENTRY--PERSONAL NAME
Personal name Aminah Beverly McCloud
245 ## - TITLE STATEMENT
Title African American Islam/
Statement of responsibility, etc Aminah Beverly McCloud
260 ## - PUBLICATION, DISTRIBUTION, ETC. (IMPRINT)
Place of publication, distribution, etc New York:
Name of publisher, distributor, etc Routledge,
Date of publication, distribution, etc 1995
300 ## - PHYSICAL DESCRIPTION
Extent 213 p.
942 ## - ADDED ENTRY ELEMENTS (KOHA)
Koha item type Books
Holdings
Withdrawn status Lost status Damaged status Home library Current library Date acquired Full call number Barcode Date last seen Price effective from Koha item type
      UMT Main Campus UMT Main Campus 2017-12-11 PKAC 297.08996073 AMI-A 116531 2017-12-11 2017-12-11 Books